000
00227nam a22000857a 4500
008
160719b xxu||||| |||| 00| 0 eng d
100
_9
3064
_a
Dussling, J
245
_a
Bugs! Bugs! Bugs!
260
_a
New York
_b
Dorling Kindersley
_c
1998
999
_c
2627
_d
2627